[Event "La Roda op 45th"]
[Site "La Roda"]
[Date "2018.03.29"]
[Round "2"]
[White "Blesa Fernandez, Ignacio"]
[Black "Murillo Lopez, Francisco"]
[Result "1-0"]
[WhiteElo "1965"]
[BlackElo "1631"]
[PlyCount "59"]
[EventDate "2018.03.28"]
[EventType "swiss"]
[EventRounds "9"]
[EventCountry "ESP"]
[SourceTitle "CBM 183 Extra"]
[Source "ChessBase"]
[SourceDate "2018.04.19"]
[SourceVersion "1"]
[SourceVersionDate "2018.04.19"]
[SourceQuality "1"]

1. e4 e6 2. d4 d5 3. Nc3 Nf6 4. e5 Nfd7 5. f4 c5 6. Nf3 Nc6 7. Be3 Be7 8. Be2 Qb6 9. Na4 Qa5+ 10. c3 c4 11. b4 Nxb4 12. cxb4 Bxb4+ 13. Kf2 b5 14. Nb2 Ba3 15. Qc2 Bb7 16. Bd2 Qc7 17. Nd1 Nb6 18. Rb1 a6 19. Bb4 Bxb4 20. Rxb4 Bc6 21. Ne3 a5 22. Rbb1 b4 23. Rhc1 Ba4 24. Qd2 Qe7 25. Bd1 Bb5 26. Bc2 c3 27. Qd1 0-0 28. Bxh7+ Kxh7 29. Ng5+ Kg6 30. Qc2+ 1-0